书目信息

书名: 杨朔散文选集 
作者: 杨朔 著 ;吴周文
出版信息: 天津   百花文艺出版社  2004
开本页数: 20cm  35, 293页
丛书名: 百花散文书系
单 册:
中图分类: I267
科图分类:
主题词: 散文--san wen--中国--现代--选集
电子资源:
ISBN: 7-5306-1013-9
000 01029nam 2200301 45
001 CAL 0120055091407
005 20060624204053.90
010    @a7-5306-1013-9@dCNY24.00
092    @aCN@b145897
100    @a20050914d2004 ekmy0chiy0121 ea
101 @achi
102    @aCN@b120000
105    @ay z 000cy
200 @a杨朔散文选集@Ayang shuo san wen xuan ji@f杨朔著@g吴周文编
205    @a第2版
210    @a天津@c百花文艺出版社@d2004
215    @a35, 293页@d20cm
225 @a百花散文书系@Abai hua san wen shu xi@i当代散文丛书@f主编 徐柏容, 郑法清
300    @a荣获第八届中国图书奖
330    @a本书收录“鸭绿江南北”、“平常的人”、“上尉同志”、“春在朝鲜”、“万古青春”、“京城漫记”、“滇池边上的报春花”等作品。
410  0 @12001 @a百花散文书系@f主编 徐柏容, 郑法清
410  0 @12001 @a当代散文丛书
606 @a散文@Asan wen@y中国@z现代@j选集
690    @aI267@v4
701  0 @a杨朔@Ayang shuo@4著
702  0 @a吴周文@Awu zhou wen@4编
801  0 @aCN@bLZJBOOK@c20060624
905    @a10447@dI267@e25
    
    杨朔散文选集/杨朔著/吴周文编.-第2版.-天津:百花文艺出版社,2004
    35, 293页;20cm.-(百花散文书系.当代散文丛书/主编 徐柏容, 郑法清)
    荣获第八届中国图书奖
    
    ISBN 7-5306-1013-9:CNY24.00
    本书收录“鸭绿江南北”、“平常的人”、“上尉同志”、“春在朝鲜”、“万古青春”、“京城漫记”、“滇池边上的报春花”等作品。
相关链接 在五车中查询图书 在当当中查询图书 在豆瓣中查询图书


正题名:杨朔散文选集     索取号:I267/25         预约/预借

序号 登录号 条形码 馆藏地/架位号 状态 备注
1 148248   200148248   海科密-1楼/30架9列2层/ [索取号:I267/25] 在馆    
2 148249   200148249   海科密-1楼/30架9列2层/ [索取号:I267/25] 在馆    
3 148250   200180088   海科密-1楼/30架9列2层/ [索取号:I267/25] 在馆    
4 148251   200148251   海科密-1楼/30架9列2层/ [索取号:I267/25] 在馆    
5 148252   200148252   海科密-1楼/30架9列2层/ [索取号:I267/25] 在馆